000
00497nam a2200169Ia 4500
008
090711s9999 xx 000 0 und d
082
_b
34067
100
_a
जागीरदार गजानन
245
_a
संध्याकाळ
260
_c
1972
300
_a
117
600
_a
जागीरदार गजानन
630
_a
संध्याकाळ
700
_a
जागीरदार गजानन
730
_a
संध्याकाळ
942
_c
BOOK
999
_c
332395
_d
332395